[Event "Challenge again November"]
[Site "http://www.queenalice.com/game.php?id=1548395"]
[Date "2018.11.6"]
[Round "-"]
[White "JosephPyehoor"]
[Black "Wigmont"]
[Result "1-0"]
[WhiteElo "1859"]
[BlackElo "1567"]

1. e4 e5 2. Nf3 Nc6 3. Bc4 Qe7 4. O-O d6 5. d3 g6 6. Ng5 Nh6 7. c3 Bg4 8. f3 Bd7
9. g4 f6 10. Nh3 g5 11. Nf2 a6 12. a3 O-O-O 13. h3 Na5 14. Ba2 f5 15. exf5 Bxf5
16. gxf5 Nxf5 17. Nh1 h5 18. b4 Bh6 19. bxa5 g4 20. Qe2 d5 21. d4 Rhg8 22. fxg4
Qh4 23. Qf3 Rdf8 24. Bxh6 Nxh6 25. Qxf8+ Rxf8 26. Rxf8+ Kd7 27. Kg2 e4 28. Nd2
hxg4 29. hxg4 Nxg4 30. Nf1 e3 31. Nhg3 Qe7 32. Rf3 Qxa3 33. Re1 Qxa2+ 34. Re2
Qxa5 35. Nxe3 Nh6 36. Nef5 Ng4 37. Kh3 Nf6 38. Re7+ Kc6 39. Re6+ Kb5 40. Rxf6
Qa1 41. Rf7 Qd1 42. Kg4 Kc4 43. Rxc7+ Kb3 44. Rxb7+ Kc2 45. Ne3+ Kd2 46. Nxd1
1-0

[Event "Challenge"]
[Site "http://www.queenalice.com/game.php?id=1551940"]
[Date "2018.12.6"]
[Round "-"]
[White "JosephPyehoor"]
[Black "Wigmont"]
[Result "1-0"]
[WhiteElo "1858"]
[BlackElo "1622"]

1. e4 d5 2. exd5 Qxd5 3. Nc3 Qf5 4. Bd3 Qg5 5. g3 e5 6. Ne4 Qg6 7. Nc3 Qc6 8.
Bb5 Bg4 9. Bxc6+ Nxc6 10. Qxg4 Nf6 11. Qh3 Nd4 12. Kd1 h5 13. Qg2 Bc5 14. Nge2
O-O-O 15. d3 Ng4 16. f3 Nf6 17. Bg5 Rd7 18. Bxf6 gxf6 19. Ne4 Be7 20. Nxd4 Rxd4
21. Ke2 f5 22. Nd2 Rg8 23. Nb3 Rd6 24. a3 Rc6 25. c4 Bg5 26. Na5 Rd6 27. Qf2 f4
28. h4 Bh6 29. Qxa7 Rb6 30. Qa8+ 1-0

[Event "Challenge"]
[Site "http://www.queenalice.com/game.php?id=1568340"]
[Date "2019.4.20"]
[Round "-"]
[White "Wigmont"]
[Black "JosephPyehoor"]
[Result "1-0"]
[WhiteElo "1613"]
[BlackElo "1875"]

1. e4 c6 2. d4 d5 3. Nc3 dxe4 4. Nxe4 Nf6 5. f3 Bf5 6. Qd3 e6 7. Qb3 b6 8. g4
Bg6 9. Bf4 Nxe4 10. Be3 Nf6 11. O-O-O Be7 12. Bg2 Nd5 13. Ne2 Nd7 14. f4 Nxe3
15. Qxe3 1-0

[Event "AUTO-ADV-4056"]
[Site "http://www.queenalice.com/game.php?id=1570415"]
[Date "2019.5.9"]
[Round "2"]
[White "Prosperidade"]
[Black "JosephPyehoor"]
[Result "1-0"]
[WhiteElo "1872"]
[BlackElo "1907"]

1. d4 c6 2. c4 d5 3. c5 Bf5 4. h3 h6 5. Nf3 Nd7 6. Nc3 e6 7. e3 g5 8. Be2 Bg7 9.
O-O Ne7 10. Bd3 Bxd3 11. Qxd3 1-0

[Event "AUTO-ADV-4056"]
[Site "http://www.queenalice.com/game.php?id=1570416"]
[Date "2019.5.9"]
[Round "2"]
[White "JosephPyehoor"]
[Black "Prosperidade"]
[Result "0-1"]
[WhiteElo "1890"]
[BlackElo "1907"]

1. e4 e5 2. Nf3 d6 3. Bb5+ Nc6 4. Bxc6+ bxc6 5. O-O c5 6. c4 Bg4 7. h3 Bh5 8. d3
Nf6 9. Nc3 Be7 10. Nd5 O-O 11. Nxe7+ Qxe7 12. Bg5 h6 13. Bxf6 Qxf6 14. Rb1 Bxf3
15. Qxf3 Qxf3 16. gxf3 f5 17. Kg2 f4 18. Kh2 g5 0-1

[Event "Challenge"]
[Site "http://www.queenalice.com/game.php?id=1602483"]
[Date "2020.3.13"]
[Round "-"]
[White "Wigmont"]
[Black "JosephPyehoor"]
[Result "0-1"]
[WhiteElo "1617"]
[BlackElo "1790"]

1. e4 c6 2. d4 d5 3. Nc3 dxe4 4. Nxe4 Bf5 5. Bd3 e6 6. Bf4 Bxe4 7. Bxe4 Nf6 8.
Qe2 Qxd4 9. f3 Nxe4 10. fxe4 Qxb2 11. Rd1 Bb4+ 12. Kf2 O-O 13. Nf3 Na6 14. h4
Qf6 15. Bg5 Qb2 16. Qc4 Qc3 17. Qe2 Bc5+ 18. Be3 Qxe3+ 19. Qxe3 Bxe3+ 20. Kxe3
Rad8 21. Rdf1 Nb4 22. Rf2 a5 23. a3 Na6 24. g4 g6 25. h5 a4 26. Ng5 Nc7 27. c4
b5 28. hxg6 fxg6 29. Rfh2 Rd7 30. Nxh7 Rff7 31. Ng5 Rfe7 32. Rh6 Kg7 33. Rh8 Kf6
34. Nf3 e5 35. Rf8+ Rf7 36. g5+ Ke6 37. Rg8 Rg7 38. Rf8 Rdf7 39. Rc8 bxc4 40.
Rc1 Re7 41. Rxc4 Kd7 42. Rb8 Nb5 43. Rxa4 Kd6 44. Nd2 Ra7 45. Nc4+ Ke6 46. Rb4
Nxa3 47. Re8+ Rge7 48. Rc8 Nc2+ 49. Ke2 Nxb4 50. Rb8 Rab7 51. Rd8 Rbd7 52. Rg8
Kf7 0-1

[Event "AUTO-ADV-4515"]
[Site "http://www.queenalice.com/game.php?id=1763205"]
[Date "2021.6.28"]
[Round "1"]
[White "JosephPyehoor"]
[Black "Wecker"]
[Result "0-1"]
[WhiteElo "1820"]
[BlackElo "1990"]

1. f3 e5 2. Kf2 Bc5+ 3. e3 Nc6 4. c3 d5 5. g3 f5 6. d3 Nf6 7. Bg2 Be6 8. b4 Bb6
9. d4 exd4 10. exd4 Qe7 11. a3 O-O 12. Bf4 Nh5 13. Ne2 g5 14. Bc1 Ne5 15. Be3
Nc4 16. Bc1 f4 17. g4 Ne3 18. Bxe3 fxe3+ 19. Ke1 Nf4 20. Nxf4 gxf4 21. h3 Qh4+
22. Ke2 Qf2+ 0-1

[Event "AUTO-ADV-4515"]
[Site "http://www.queenalice.com/game.php?id=1763220"]
[Date "2021.6.28"]
[Round "1"]
[White "holandes"]
[Black "JosephPyehoor"]
[Result "1-0"]
[WhiteElo "1862"]
[BlackElo "1811"]

1. e4 c6 2. d4 d5 3. e5 Bf5 4. Nd2 h6 5. c4 e6 6. c5 g5 7. Nb3 Bg7 8. Bd3 Bxd3
9. Qxd3 Nd7 10. Ne2 Ne7 11. Ng3 O-O 12. O-O f5 13. exf6 Nxf6 14. Qe3 Qd7 15. Nd2
Nh7 16. Nh5 Nf6 17. Nxg7 Kxg7 18. h3 Nf5 19. Qd3 Kh8 20. Re1 Rae8 21. Nf3 Rg8
22. g4 Ng7 23. Ne5 Qc7 24. Qg6 Ref8 25. Qxh6+ Nh7 26. Ng6# 1-0

[Event "AUTO-ADV-4515"]
[Site "http://www.queenalice.com/game.php?id=1763221"]
[Date "2021.6.28"]
[Round "1"]
[White "JosephPyehoor"]
[Black "holandes"]
[Result "0-1"]
[WhiteElo "1813"]
[BlackElo "1816"]

1. f3 e5 2. Kf2 d5 3. e3 a6 4. d4 e4 5. g3 exf3 6. Nxf3 Nf6 7. Nc3 c6 8. h3 Bd6
9. Bg2 Nh5 10. Ne5 Qf6+ 11. Qf3 g6 12. Qxf6 Nxf6 13. Ne2 O-O 14. Bf3 Nbd7 15.
Nxd7 Bxd7 16. Bd2 Rae8 17. Rae1 c5 18. c3 b5 19. a3 a5 20. Kg2 Bc6 21. Nf4 b4
22. axb4 axb4 23. c4 cxd4 24. Nxd5 Nxd5 25. Bxd5 Bxd5+ 26. cxd5 dxe3 27. Bxe3 f5
28. Bf4 Rd8 29. Rd1 Kg7 30. Rhf1 h6 31. Bxd6 Rxd6 32. Rd4 Rb8 33. b3 Rb5 34.
Rfd1 Kf6 35. Kf2 Ke5 36. Ke3 Rc5 37. R1d3 g5 38. g4 f4+ 39. Kf3 Rcxd5 40. Re4+
Kf6 41. Rxd5 Rxd5 42. Rxb4 Rd3+ 43. Kg2 f3+ 44. Kg3 Ke5 45. h4 gxh4+ 46. Kxh4 f2
47. Rb5+ Ke4 48. Rb4+ Ke3 0-1

[Event "AUTO-ADV-4517"]
[Site "http://www.queenalice.com/game.php?id=1763663"]
[Date "2021.7.4"]
[Round "1"]
[White "JosephPyehoor"]
[Black "chessman"]
[Result "0-1"]
[WhiteElo "1828"]
[BlackElo "2018"]

1. f3 d5 2. Kf2 e5 3. e4 dxe4 4. fxe4 Qh4+ 5. g3 Qxe4 6. Nf3 Bg4 7. Bg2 Bc5+ 8.
Kf1 Qf5 9. d3 Nf6 10. Nc3 O-O 11. Bd2 Rd8 12. h3 Bxf3 13. Qxf3 Qxf3+ 14. Bxf3 c6
15. Ne4 Nxe4 16. Bxe4 Nd7 17. b4 Bb6 18. Ke2 Nf6 19. Bg5 Nxe4 20. dxe4 f6 21.
Be3 Bxe3 22. Kxe3 Rd7 23. Rhd1 Rad8 24. Rd3 Rxd3+ 25. Kf2 Rd2+ 26. Ke1 Rh2 27.
h4 Rh1+ 28. Kf2 Rxa1 0-1

[Event "AUTO-ADV-4517"]
[Site "http://www.queenalice.com/game.php?id=1763664"]
[Date "2021.7.4"]
[Round "1"]
[White "chessman"]
[Black "JosephPyehoor"]
[Result "1-0"]
[WhiteElo "2009"]
[BlackElo "1837"]

1. e4 c6 2. d4 d5 3. Nc3 dxe4 4. Nxe4 Bf5 5. Ng3 Bg6 6. Nf3 h6 7. Bc4 e6 8. O-O
Bd6 9. Re1 Ne7 10. c3 b5 11. Bb3 O-O 12. Qe2 Bxg3 13. hxg3 a6 14. Bxe6 fxe6 15.
Qxe6+ Bf7 16. Qxe7 Qxe7 17. Rxe7 Re8 18. Rxe8+ Bxe8 19. Bf4 Nd7 20. Ne5 Nxe5 21.
Bxe5 Bf7 22. a4 Bc4 23. f4 Re8 24. axb5 axb5 25. Ra7 Bf7 26. Rc7 Ra8 27. Rxc6
Ra2 28. b4 1-0

[Event "AUTO-ADV-4517"]
[Site "http://www.queenalice.com/game.php?id=1763665"]
[Date "2021.7.4"]
[Round "1"]
[White "JosephPyehoor"]
[Black "Esvir"]
[Result "0-1"]
[WhiteElo "1792"]
[BlackElo "1961"]

1. f3 d5 2. Kf2 e5 3. e3 Nc6 4. d3 Nf6 5. Nc3 a6 6. g3 Be7 7. Bg2 O-O 8. e4 d4
9. Nce2 h6 10. h3 b5 11. Bd2 a5 12. a3 a4 13. g4 Nh7 14. Ng3 Bh4 15. Ne2 Ne7 16.
Rf1 c5 17. Kg1 c4 18. Kh2 Be6 19. Bb4 cxd3 20. cxd3 Bb3 21. Qd2 Rc8 22. Rac1 Qd7
23. Rxc8 Rxc8 24. Rc1 Nc6 25. Rc5 Be7 26. Rd5 Qe6 27. Rxb5 Nxb4 28. axb4 Rc2 29.
Rb8+ Nf8 30. Qe1 Rxb2 31. Nf5 Bg5 32. b5 a3 33. Ra8 a2 34. Nc1 Bf4+ 35. Kh1 Rb1
36. Ra6 Rxc1 37. Qxc1 Bxc1 38. Rxe6 Nxe6 39. Ne7+ Kf8 40. Nc6 a1=Q 0-1

[Event "AUTO-ADV-4517"]
[Site "http://www.queenalice.com/game.php?id=1763666"]
[Date "2021.7.4"]
[Round "1"]
[White "Esvir"]
[Black "JosephPyehoor"]
[Result "1-0"]
[WhiteElo "1936"]
[BlackElo "1801"]

1. d4 c6 2. e4 d5 3. e5 Bf5 4. Nf3 e6 5. a3 h6 6. Nc3 g5 7. Be2 Bg7 8. O-O Ne7
9. h3 Ng6 10. Bd3 Bxd3 11. Qxd3 O-O 12. Ne2 Nd7 13. Bd2 Kh7 14. Nh2 f5 15. Ng3
Nf4 16. Bxf4 gxf4 17. Nh5 Qh4 18. Nxg7 Kxg7 19. Nf3 Qe7 20. Qd2 Rh8 21. Qxf4 Nf8
22. Nh4 Ng6 23. Nxg6 1-0

[Event "AUTO-ADV-4517"]
[Site "http://www.queenalice.com/game.php?id=1763667"]
[Date "2021.7.4"]
[Round "1"]
[White "JosephPyehoor"]
[Black "akleetch"]
[Result "1/2-1/2"]
[WhiteElo "1797"]
[BlackElo "1661"]

1. f3 e5 2. Kf2 d5 3. e3 a6 4. g3 Nc6 5. d4 e4 6. f4 Nf6 7. h3 Bb4 8. c3 Ba5 9.
b4 Bb6 10. Bg2 h6 11. Nd2 Be6 12. Ne2 O-O 13. Bb2 Nh7 14. a4 Qf6 15. Rf1 Ng5 16.
Ng1 Ba7 17. Ke1 Nh7 18. Ba3 Rfe8 19. Nb3 Qg6 20. Ne2 Nf6 21. Kd2 Bd7 22. Nc5 Bc8
23. Qe1 b6 24. Nb3 Ne7 25. g4 Bd7 26. Bb2 Nh7 27. Rg1 Qc6 28. Qc1 Qc4 29. Qc2
Rac8 30. Bf1 Qc6 31. Bg2 g5 32. f5 Qd6 33. Rh1 c5 34. dxc5 bxc5 35. bxc5 Bxc5
36. Nxc5 Qxc5 37. Nd4 Nf6 38. Rhc1 Qc4 39. Bf1 Qc7 40. Bxa6 Rb8 41. Rcb1 Qh2+
42. Be2 Qxh3 43. Rh1 Qg2 44. Rag1 Qf2 45. Rf1 Qg2 46. Rfg1 Qf2 47. Rf1 Qg3 48.
Rfg1 Qf2 49. Rf1 1/2-1/2

[Event "AUTO-ADV-4517"]
[Site "http://www.queenalice.com/game.php?id=1763668"]
[Date "2021.7.4"]
[Round "1"]
[White "akleetch"]
[Black "JosephPyehoor"]
[Result "0-1"]
[WhiteElo "1746"]
[BlackElo "1799"]

1. e4 c6 2. d4 d5 3. e5 Bf5 4. h3 h6 5. Bd3 Bxd3 6. Qxd3 e6 7. Ne2 Bb4+ 8. c3
Ba5 9. b4 Bc7 10. a4 Ne7 11. Ng3 g6 12. Nd2 Nf5 13. O-O h5 14. f4 O-O 15. Bb2
Qe8 16. Nf3 Bd8 17. Ba3 Nxg3 18. b5 Be7 19. Ng5 Nxf1 20. Kxf1 Bxa3 21. Rxa3 cxb5
22. axb5 b6 23. Rb3 Nd7 24. Qg3 Kg7 25. Qh4 Qd8 26. Rb2 Rh8 27. Kf2 Nf8 28. g4
Nh7 29. gxh5 Nxg5 30. fxg5 Rxh5 31. Qg4 Qxg5 32. Re2 Qxg4 33. hxg4 Rh2+ 34. Kf3
Rxe2 35. Kxe2 Rh8 36. Kd3 Rh4 0-1